Can you hear a shout in space? : questions and answers about space exploration / by Melvin and Gilda Berger ; illustrated by Vincent di Fate.
Provides answers to commonly asked questions about space exploration, including "Which was the first living being in space?" and "Do you grow taller or shorter in space?"
Record details
- ISBN: 0439095824
- ISBN: 0439095832
- Physical Description: 48 pages : color illustrations ; 21 x 26 cm.
- Publisher: New York : Scholastic, 2000.
Content descriptions
| General Note: | Includes index. |
Search for related items by subject
| Subject: | Astronautics > Miscellanea > Juvenile literature. Outer space > Exploration > Juvenile literature. Astronautics > Miscellanea. Outer space > Exploration > Miscellanea. Questions and answers. |
Search for related items by series
Available copies
- 1 of 1 copy available at scottsboropl.
Holds
- 0 current holds with 1 total copy.
Show Only Available Copies
| Location | Call Number / Copy Notes | Barcode | Shelving Location | Status | Due Date |
|---|---|---|---|---|---|
| scottsboropl | J 629.4 Ber | 32269000655426 | Juvenile - NonFiction | Available | - |
| LDR | 01524nam a2200373 a 4500 | ||
|---|---|---|---|
| 001 | 126224 | ||
| 003 | CONS | ||
| 005 | 20140703073303.0 | ||
| 008 | 990216s2000 nyua b 001 0 eng | ||
| 010 | . | ‡a 99013212 | |
| 020 | . | ‡a0439095824 | |
| 020 | . | ‡a0439095832 | |
| 035 | . | ‡a(CPomAG)LMN493435 | |
| 042 | . | ‡apcc ‡alcac | |
| 050 | 0 | 0. | ‡aTL793 ‡b.B434 2000 |
| 082 | 0 | 0. | ‡a629.4 ‡221 |
| 100 | 1 | . | ‡aBerger, Melvin. |
| 245 | 1 | 0. | ‡aCan you hear a shout in space? : ‡bquestions and answers about space exploration / ‡cby Melvin and Gilda Berger ; illustrated by Vincent di Fate. |
| 260 | . | ‡aNew York : ‡bScholastic, ‡c2000. | |
| 300 | . | ‡a48 pages : ‡bcolor illustrations ; ‡c21 x 26 cm. | |
| 490 | 1 | . | ‡aScholastic question and answer series |
| 500 | . | ‡aIncludes index. | |
| 520 | . | ‡aProvides answers to commonly asked questions about space exploration, including "Which was the first living being in space?" and "Do you grow taller or shorter in space?" | |
| 650 | 0. | ‡aAstronautics ‡vMiscellanea ‡vJuvenile literature. | |
| 651 | 0. | ‡aOuter space ‡xExploration ‡vJuvenile literature. | |
| 651 | 1. | ‡aAstronautics ‡vMiscellanea. | |
| 651 | 1. | ‡aOuter space ‡xExploration ‡vMiscellanea. | |
| 650 | 1. | ‡aQuestions and answers. | |
| 700 | 1 | . | ‡aBerger, Gilda. |
| 700 | 1 | . | ‡aDi Fate, Vincent. |
| 800 | 1 | . | ‡aBerger, Melvin. ‡tScholastic question and answer series |
| 914 | . | ‡dLMN_cm | |
| 959 | . | ‡i32269000655426 ‡lJ629.4 Ber ‡aJuvenile - NonFiction ‡tJuv Nonfiction ‡g17.00 | |
| 852 | . | ‡p32269000655426 ‡jJ629.4 Ber ‡gJuvenile - NonFiction ‡cJuv Nonfiction ‡y17.00 ‡bSBPL | |
| 901 | . | ‡a126224 ‡bUnknown ‡c126224 ‡tbiblio | |